000 00394 a2200157 4500
003 Nust
005 20170207153834.0
040 _cNust
082 _a621.38
100 _aRoyal Signals
245 _aHandbook of Line Communication
_cRoyal Signals
250 _aW.O. code No 1698
260 _aLondon
_bHer Majesty's Stationery
_c1962
300 _a703-773p.
538 _aAlmirah No.132 and Shelf No.1
942 _2ddc
_cBK
999 _c190148
_d190148